000 00560nam a2200205Ia 4500
001 9819
003 IVS
005 20250626030252.0
008 211022s9999 xx 000 0 und d
040 _cIVS
082 _a741.6 SYE
100 _aSyed Tariq Shah Gilani
245 0 _aDesign within religion : perspective through tareeqat
260 _aKarachi
260 _bIndus Valley School
260 _c2010
300 _a39 (leaves)
856 _uhttps://drive.google.com/file/d/1CP4pjEqghciZ0xdqrjG44EcWRsGC2U3P/view?usp=sharing
942 _cDISS
_2ddc
_n0
999 _c9468
_d9468